Score 0/20 Timer 02:00
2 Plays Today
Book Title Common Word % Correct
Gone With The ____Wind
99.1%
____ ExpectationsGreat
98.8%
Of Mice And ____Men
98.6%
One Flew Over The Cuckoo's ____Nest
98.6%
Around The ____ In Eighty DaysWorld
97.1%
____ Of The FliesLord
96.9%
____ And PeaceWar
95.8%
Anne Of ____ GablesGreen
95.4%
____ On A Hot Tin RoofCat
95.3%
The Chronicles Of Narnia: ____ CaspianPrince
94.2%
Book Title Common Word % Correct
Mysterious ____Island
92.6%
Swiss Family ____Robinson
90.4%
The ____ Of The MohicansLast
89.8%
____ And SensibilitySense
89.4%
Alice's ____ In WonderlandAdventures
89.3%
The ____ JarBell
88.1%
____ WomenLittle
83.9%
A ____ With A ViewRoom
83.8%
Tinker Tailor Soldier ____Spy
80.4%
Paradise ____Lost
79.7%

Today's Daily Dose

You're not logged in!

Compare scores with friends on all Sporcle quizzes.
OR
Log In

Sporcle TV

Today on Sporcle TV


Watch our educational content, quiz creation guides, and fun videos on Sporcle TV.

Show Comments

Extras

Top Quizzes Today


Score Distribution

Your Account Isn't Verified!

In order to create a playlist on Sporcle, you need to verify the email address you used during registration. Go to your Sporcle Settings to finish the process.

Report this User

Report this user for behavior that violates our Community Guidelines.

Details: